000 00687nam a2200217 i 4500
001 102637
003 ES-MaACL
005 20240426063030.0
007 t|
008 051124s1974 pr ||||1| spa d
080 _a821.134.2(729.5)-14"19"
100 0 _aMatos Paoli, Francisco,
_d1915-2000
_979096
245 1 0 _aTestigo de la esperanza /
_cFrancisco Matos Paoli.
250 _a1ª ed.
260 _a[Río Piedras] :
_bEditorial Universitaria, Universidad de Puerto Rico,
_c1974.
300 _a132 p. ;
_c18 cm.
490 1 _aUprex. Poesía ;
_v29
830 0 _aUprex. Poesía ;
_v29
_9184772
852 _aES-MaACL
_jE-11173
_bR.136853
999 _c102637
_d102637